00000000nam 2200000zi 4500
0019.939033
003CaOODSP
00520250110144958
006m     o  d f      
007cr |||||||||||
008240605t20242024quc     ob   f000 0 fre d
020 |a9780660722337
040 |aCaOODSP|bfre|erda|cCaOODSP
043 |an-cn---
0861 |aCH37-4/29-2024F-PDF
24500|aChanger les systèmes pour transformer des vies : |bla stratégie canadienne de lutte contre le racisme 2024-2028.
264 1|a[Gatineau, Québec] : |bPatrimoine canadien = Canadian Heritage, |c[2024]
264 4|c©2024
300 |a1 ressource en ligne (49 pages)
336 |atexte|btxt|2rdacontent/fre
337 |ainformatique|bc|2rdamedia/fre
338 |aressource en ligne|bcr|2rdacarrier/fre
500 |aTitre de la couverture.
500 |aPublié aussi en anglais sous le titre : Changing systems, transforming lives: Canada's anti-racism strategy 2024-2028.
504 |aComprend des références bibliographiques.
650 6|aAntiracisme|zCanada.
650 6|aDiscrimination raciale|xPolitique gouvernementale|zCanada.
7101 |aCanada. |bPatrimoine canadien, |eorganisme de publication.
77508|tChanging systems, transforming lives : |w(CaOODSP)9.939031
795 |tConstruire une fondation pour le changement : |w(CaOODSP)9.873406
85640|qPDF|s6.10 Mo|uhttps://publications.gc.ca/collections/collection_2025/pch/CH37-4-29-2024-fra.pdf
8564 |qHTML|sS.O.|uhttps://www.canada.ca/fr/patrimoine-canadien/services/lutte-racisme-discrimination/strategie-canadienne-lutte-racisme.html